000 00556ngm a2200205 i 4500
001 C2-0310509
003 PPAK
005 20180727220725.0
008 110620s2009 xxu|||| ||||| | vleng d
040 _aPPAK
_beng
_cPPAK
_erda
245 1 4 _aThe butterfly effect revelation
264 1 _aUnited States :
_bUniversal Pictures ,
_c2009
336 _2rdacontent
_atext
337 _2rdamedia
_aunmediated
338 _2rdacarrier
_avolume
700 _eauthor
700 1 _aGrossman, Seth,
_ecompile
700 1 _aMarx, Ed,
_eeditor
942 _2ddc
_cDVD
999 _c166458
_d166458